BIBLIOTECA PODER JUDICIAL
Portal Judicial TDF

Perspectiva de género en casos de abusos sexuales / (Registro nro. 6523)

000 -LEADER
fixed length control field 01618nab a22002657a 4500
003 - CONTROL NUMBER IDENTIFIER
control field OSt
005 - DATE AND TIME OF LATEST TRANSACTION
control field 20260219122420.0
008 - FIXED-LENGTH DATA ELEMENTS--GENERAL INFORMATION
fixed length control field 190429b xxu||||| |||| 00| 0 spa d
040 ## - CATALOGING SOURCE
Transcribing agency PJ
100 ## - MAIN ENTRY--PERSONAL NAME
9 (RLIN) 2801
Personal name De Luca, Javier Augusto
245 10 - TITLE STATEMENT
Title Perspectiva de género en casos de abusos sexuales /
Statement of responsibility, etc Javier A. De Luca, Florencia B. Canese Millo.
260 ## - PUBLICATION, DISTRIBUTION, ETC. (IMPRINT)
Date of publication, distribution, etc Ciudad Autónoma de Buenos Aires :
Place of publication, distribution, etc Thomson Reuters La Ley,
Name of publisher, distributor, etc 2024.
300 ## - PHYSICAL DESCRIPTION
Extent p. 39-52
500 ## - GENERAL NOTE
General note Cita: TR LALEY AR/DOC/1701/2024
505 ## - FORMATTED CONTENTS NOTE
Formatted contents note Sumario: I. Introducción.— II. Punto de partida: breve referencia al marco convencional y constitucional aplicable.— III. La debida diligencia reforzada para evitar la revictimización de la mujer víctima de violencia de género durante el proceso penal. Mecanismos procesales pertinentes: la conveniencia de la utilización de la Cámara Gesell.— IV. La debida diligencia reforzada en su matiz del deber de valorar la prueba con perspectiva de género.— V. Conclusiones.
505 ## - FORMATTED CONTENTS NOTE
Formatted contents note Fallo comentado: Trib. Impugnación Penal, Santa Rosa, Sala B ~ 26/04/2024 ~ M. M., C. G. s/ recurso de impugnación.
505 ## - FORMATTED CONTENTS NOTE
Title Si te interesa el texto completo, solicitalo a koha@justierradelfuego.gov.ar
650 #0 - SUBJECT ADDED ENTRY--TOPICAL TERM
9 (RLIN) 343
Topical term or geographic name as entry element DERECHO PENAL
650 #0 - SUBJECT ADDED ENTRY--TOPICAL TERM
9 (RLIN) 4044
Topical term or geographic name as entry element PERSPECTIVA DE GÉNERO
650 #0 - SUBJECT ADDED ENTRY--TOPICAL TERM
9 (RLIN) 2903
Topical term or geographic name as entry element ABUSO SEXUAL
650 #0 - SUBJECT ADDED ENTRY--TOPICAL TERM
9 (RLIN) 1977
Topical term or geographic name as entry element APRECIACION DE LA PRUEBA
700 ## - ADDED ENTRY--PERSONAL NAME
9 (RLIN) 7127
Personal name Canese Millo, Florencia B.
773 0# - HOST ITEM ENTRY
Host Biblionumber 2658
Host Itemnumber 3164
Title Revista de derecho penal y criminología. Nº 8 - Agosto 2024
Place, publisher, and date of publication Ciudad Autónoma de Buenos Aires : Thomson Reuters La Ley, 2017-
International Standard Serial Number 00347914
942 ## - ADDED ENTRY ELEMENTS (KOHA)
Source of classification or shelving scheme
Koha item type Analítica Artículo de Revista

No hay ítems disponibles.

12 de Octubre 789 Ushuaia - Tel:  54(02901)441571
Horario de Atención: 8.00 a 17.00 hs. 
bibliotecaush@justierradelfuego.gov.ar
koha@justierradelfuego.gov.ar
Seguinos en nuestras redes @bibliojustdf 

Con tecnología Koha